000 00666nam a2200205 a 4500
001 000016772
005 20200929164945.0
008 100310s1982 dr 000 0 spa d
040 _aDO-SdBNP
_bspa
_cBNPHU
082 _a362.6
_bA473a
100 1 _aÁlvarez Perelló, Eduardo
_937162
245 1 3 _aEl anciano feliz :
_bconceptos sobre gerontología /
_cEduardo Álvarez Perelló.
260 _aSanto Domingo :
_bCorripio,
_c1982.
300 _a112 p. ;
_c22 cm.
650 4 _aAncianos
_xCalidad de vida
_937163
650 4 _aGerontología
_915122
650 4 _aAncianos
_xCondiciones sociales
_931089
650 4 _aAncianos
_xDesarrollo humano
_937164
049 _aBNPD
999 _c16304
_d16304